Taxation II : (Record no. 12008)
[ view plain ]
| 000 -LEADER | |
|---|---|
| fixed length control field | 00661cam a22002172 4500 |
| 001 - CONTROL NUMBER | |
| control field | 0000008740 |
| 005 - DATE AND TIME OF LATEST TRANSACTION | |
| control field | 20151217155216.0 |
| 008 - FIXED-LENGTH DATA ELEMENTS--GENERAL INFORMATION | |
| fixed length control field | 080523s xx 000 0 eng d |
| 020 ## - INTERNATIONAL STANDARD BOOK NUMBER | |
| Terms of availability | KES1,100 |
| 040 ## - CATALOGING SOURCE | |
| Original cataloging agency | KABU |
| Transcribing agency | KABU |
| 050 #0 - LIBRARY OF CONGRESS CALL NUMBER | |
| Classification number | HJ3043 |
| Item number | .S773 |
| 110 2# - MAIN ENTRY--CORPORATE NAME | |
| Corporate name or jurisdiction name as entry element | Strathmore University. |
| Subordinate unit | Distance Learning Centre. |
| -- | 0000150769 |
| 245 10 - TITLE STATEMENT | |
| Title | Taxation II : |
| Remainder of title | Subject no. 15 revision kit. |
| 260 ## - PUBLICATION, DISTRIBUTION, ETC. (IMPRINT) | |
| Place of publication, distribution, etc. | Nairobi : |
| Name of publisher, distributor, etc. | S.U.P, |
| Date of publication, distribution, etc. | 2007. |
| 300 ## - PHYSICAL DESCRIPTION | |
| Extent | xi, 198, [14] p. |
| 500 ## - GENERAL NOTE | |
| General note | With June & December 2006 question papers. |
| 650 #0 - SUBJECT ADDED ENTRY--TOPICAL TERM | |
| Topical term or geographic name as entry element | Taxation |
| Geographic subdivision | Kenya. |
| -- | 0000152741 |
| 908 ## - PUT COMMAND PARAMETER (RLIN) | |
| Put command parameter | 080523 |
| 950 ## - LOCAL HOLDINGS (RLIN) | |
| -- | 1 |
| Withdrawn status | Lost status | Source of classification or shelving scheme | Not for loan | Home library | Current library | Date acquired | Total Checkouts | Full call number | Barcode | Date last seen | Date last checked out | Price effective from | Koha item type |
|---|---|---|---|---|---|---|---|---|---|---|---|---|---|
| Library of Congress Classification | Kabarak, Main Campus | Kabarak, Main Campus | 17/12/2015 | 4 | HJ3043 .S773 2007 c. 2 | 008988 | 22/08/2024 | 15/08/2024 | 17/12/2015 | General Collection |